|
|
|
|
| LEADER |
00000cam a22000004a 4500 |
| 001 |
musev2_73668 |
| 003 |
MdBmJHUP |
| 005 |
20230905051613.0 |
| 006 |
m o d |
| 007 |
cr||||||||nn|n |
| 008 |
750224s1974 azu o 00 0 eng d |
| 010 |
|
|
|z 74015604
|
| 020 |
|
|
|a 9780816540334
|
| 020 |
|
|
|z 9780816504770
|
| 035 |
|
|
|a (OCoLC)1143743282
|
| 040 |
|
|
|a MdBmJHUP
|c MdBmJHUP
|
| 043 |
|
|
|a n-us-az
|
| 050 |
0 |
4 |
|a JK8201
|b .A863 no. 11
|a E78.A7
|
| 082 |
0 |
|
|a 320.9/791 s
|a 301.45/19/70791
|
| 100 |
1 |
|
|a Chaudhuri, Joyotpaul.
|
| 245 |
1 |
0 |
|a Urban Indians of Arizona :
|b Phoenix, Tucson, and Flagstaff /
|c Joyotpaul Chaudhuri.
|
| 264 |
|
1 |
|a Tucson :
|b University of Arizona Press,
|c [1974]
|
| 264 |
|
3 |
|a Baltimore, Md. :
|b Project MUSE,
|c 2020
|
| 264 |
|
4 |
|c ©[1974]
|
| 300 |
|
|
|a 1 online resource.
|
| 336 |
|
|
|a text
|b txt
|2 rdacontent
|
| 337 |
|
|
|a computer
|b c
|2 rdamedia
|
| 338 |
|
|
|a online resource
|b cr
|2 rdacarrier
|
| 504 |
|
|
|a Includes bibliographical references.
|
| 506 |
0 |
|
|a Open Access
|f Unrestricted online access
|2 star
|
| 588 |
|
|
|a Description based on print version record.
|
| 650 |
|
0 |
|a Indians of North America
|x Urban residence
|z Arizona.
|
| 655 |
|
7 |
|a Electronic books.
|2 local
|
| 710 |
2 |
|
|a Project Muse.
|e distributor
|
| 830 |
|
0 |
|a Book collections on Project MUSE.
|
| 856 |
4 |
0 |
|z Texto completo
|u https://projectmuse.uam.elogim.com/book/73668/
|